| 000 | 00673nam a2200181 a 4500 | ||
|---|---|---|---|
| 001 | BRCA_1271 | ||
| 005 | 20190320203344.0 | ||
| 008 | 181105s1992----ph-a---###---#000-0#eng-d | ||
| 050 | 4 |
_aBV3795 _b.R44 1992 |
|
| 100 | 1 |
_aRegalado Trota, José _93316 |
|
| 245 | 1 | 0 |
_aSining Biswal _ban essay on the spanish influence on philippine visual arts _cJosé Regalado Trota. |
| 260 |
_aPhilippines _bSentrong Pangkultura _c1992 |
||
| 300 |
_a1 v. (sin paginación) _bil. (algunas a color) _c20 cm. |
||
| 504 | _aBibliografía : p. 47-51 | ||
| 650 | 1 | 4 |
_aCristianismo y cultura _xArtes decorativas _zFilipinas _94177 |
| 650 | 1 | 4 |
_aEvangelización _xHistoria _zFilipinas _94178 |
| 942 |
_2lcc _cB |
||
| 999 |
_c1140 _d1140 |
||